Loading...

David copperfield ed by Anthony toyne /

Bibliografiske detaljer
Hovedforfatter: Dickens, Charles
Sprog:Undetermined
Udgivet: 1959.
Serier:Stories Rotold
LEADER 00415nam a2200133Ia 4500
001 40194
008 170722s9999 xx 000 0 und d
100 |a Dickens, Charles 
245 |a David copperfield ed by Anthony toyne / 
260 |c 1959. 
490 |a Stories Rotold 
942 |c GEN 
999 |c 87638  |d 87638 
952 |0 1  |1 0  |4 0  |6 O_3M12DA_KJ81  |7 0  |9 122559  |a LIB  |b LIB  |d 2017-08-12  |o O-,3M12,DA kJ8;1  |p 154836  |r 2017-08-12  |w 2017-08-12  |y GEN